| 000 | 00596nam a22001937a 4500 | ||
|---|---|---|---|
| 003 | OSt | ||
| 008 | 240229b2004 |||||||| |||| 00| 0 eng d | ||
| 020 | _a8174463771 | ||
| 082 |
_a658.402 _bPAT-I |
||
| 100 | _aPattanayak, Biswajeet | ||
| 245 |
_aIntelligent organisation : _ba madmap to success / _cBiswajeet Pattanayak, Phalgu Niranjana and K Lakshmi. |
||
| 260 |
_aNew Delhi : _bExcel Books , _c2004. |
||
| 300 | _aviii, 256 p. ; | ||
| 650 | _aBusiness management strategy, | ||
| 650 | _aOrganizational development | ||
| 700 | _aNiranjana, Phalgu | ||
| 700 | _aLakshmi, K | ||
| 942 |
_2ddc _cBK |
||
| 999 |
_c20380 _d20380 |
||